Statistics for Famous Authors Quiz

Click here to take the quiz!

General Stats

  • This quiz has been taken 37 times
  • The average score is 5 of 11

Answer Stats

Answer% Correct
JK Rowling
94%
Mark Twain
75%
Stephen King
75%
Leo Tolstoy
59%
Charlotte Bronte
50%
Franz Kafka
31%
Rudyard Kipling
22%
Lewis Carroll
19%
J.R.R TOLKIEN
13%
William Faulkner
13%
Jack London
9%

Score Distribution

Percentile by Number Answered

Percent of People with Each Score

Your Score History

You have not taken this quiz